Woman as educators / (Record no. 125506)

MARC details
000 -LEADER
fixed length control field 00920nam a22002777a 4500
003 - CONTROL NUMBER IDENTIFIER
control field 0
005 - DATE AND TIME OF LATEST TRANSACTION
control field 20180728180915.0
008 - FIXED-LENGTH DATA ELEMENTS--GENERAL INFORMATION
fixed length control field 0
010 ## - LIBRARY OF CONGRESS CONTROL NUMBER
LC control number B-059009
020 ## - INTERNATIONAL STANDARD BOOK NUMBER
Terms of availability 00.00
International Standard Book Number 8171416020
035 ## - SYSTEM CONTROL NUMBER
System control number B-059009, B-059010
037 ## - SOURCE OF ACQUISITION
Source of stock number/acquisition Cen Lib/Ret
040 ## - CATALOGING SOURCE
Original cataloging agency DPL
Language of cataloging EN
Transcribing agency 0
082 ## - DEWEY DECIMAL CLASSIFICATION NUMBER
Classification number 331.48137
Item number WOM
245 ## - TITLE STATEMENT
Title Woman as educators /
Statement of responsibility, etc edited by Digumati Bhaskara Rao, Digumati Pushpa Latha [and] Digumati Harshitha
260 ## - PUBLICATION, DISTRIBUTION, ETC. (IMPRINT)
Place of publication, distribution, etc New Delhi
Name of publisher, distributor, etc Discovery Publishing House
Date of publication, distribution, etc 2001
270 ## - ADDRESS
Address 48331/24, Ansari Road, Daryaganj
City New Delhi
Postal code 110002
300 ## - PHYSICAL DESCRIPTION
Extent 93p. :
Dimensions 22cm(Hb)
Other physical details ill
500 ## - GENERAL NOTE
General note Includes bibliographic references and index
650 ## - SUBJECT ADDED ENTRY--TOPICAL TERM
Topical term or geographic name as entry element Feminism and education
9 (RLIN) 14578
650 ## - SUBJECT ADDED ENTRY--TOPICAL TERM
Topical term or geographic name as entry element Educators
9 (RLIN) 14579
700 ## - ADDED ENTRY--PERSONAL NAME
Personal name Rao, Digumati Bhaskara
9 (RLIN) 14580
700 ## - ADDED ENTRY--PERSONAL NAME
Personal name Latha, Digumati Pushpa
9 (RLIN) 14581
700 ## - ADDED ENTRY--PERSONAL NAME
Personal name Harshitha, Digumati
9 (RLIN) 14582
942 ## - ADDED ENTRY ELEMENTS (KOHA)
Source of classification or shelving scheme Dewey Decimal Classification
Koha item type English Books
Classification part 331.48137
Call number suffix WOM
Holdings
Withdrawn status Lost status Damaged status Not for loan Home library Current library Date acquired Source of acquisition Cost, normal purchase price Total Checkouts Full call number Barcode Date last seen Copy number Cost, replacement price Price effective from Koha item type Source of classification or shelving scheme Collection code
        Central Library Central Library 22/06/2015 Cen Lib/Ret 0.00   331.48137 WOM B-059009 22/06/2015 1 0.00 22/06/2015 English Books    
        Patel Nagar Patel Nagar 28/07/2018 BPPD/PUB 200.00   331.48137 WOM B-059010 28/07/2018   200.00 28/07/2018 English Books Dewey Decimal Classification Non-fiction

© Delhi Public Library
Hit Counter
free hit counter